Действие ионизирующей радиации на организм человека : (Record no. 506020)
[ view plain ]
| 000 -LEADER | |
|---|---|
| fixed length control field | 01383nam a2200241 a 4500 |
| 001 - CONTROL NUMBER | |
| control field | 000864552 |
| 003 - CONTROL NUMBER IDENTIFIER | |
| control field | AM-YeHGA |
| 005 - DATE AND TIME OF LATEST TRANSACTION | |
| control field | 20250617163412.0 |
| 008 - FIXED-LENGTH DATA ELEMENTS--GENERAL INFORMATION | |
| fixed length control field | 120203s1960 ||||||||||||||||||||rus d |
| 040 ## - CATALOGING SOURCE | |
| Original cataloging agency | AM-YeHGA |
| 041 1# - LANGUAGE CODE | |
| Language code of text/sound track or separate title | rus |
| Language code of original | eng |
| 090 ## - LOCALLY ASSIGNED LC-TYPE CALL NUMBER (OCLC); LOCAL CALL NUMBER (RLIN) | |
| -- | 509440 |
| 245 00 - TITLE STATEMENT | |
| Title | Действие ионизирующей радиации на организм человека : |
| Remainder of title | Отчет о поражении жителей Маршалловых островов и американцев, случайно подвергшихся воздействию радиоактивных осадков, и описание лучевого поражения человека : Пер. с англ. / |
| Statement of responsibility, etc. | Под ред. Е.П. Кронкайта и др.; Пер. М.П. Андреевой и др. . |
| 246 11 - VARYING FORM OF TITLE | |
| Title proper/short title | Some Effects of Ionizing Radiation of Human Beings |
| 260 ## - PUBLICATION, DISTRIBUTION, ETC. | |
| Place of publication, distribution, etc. | Москва : |
| Name of publisher, distributor, etc. | Медгиз, |
| Date of publication, distribution, etc. | 1960. |
| 300 ## - PHYSICAL DESCRIPTION | |
| Extent | 152 с. : |
| Other physical details | ил., табл. |
| 534 ## - ORIGINAL VERSION NOTE | |
| Introductory phrase | Оригинал на англ. : |
| -- | Some Effects of Ionizing Radiation of Human Beings / |
| Main entry of original | Ed. by V.P. Bond, E.P. Cronkite, C.L. Dunham - |
| Publication, distribution, etc. of original | United States Atomic Energy Commission, 1956 . |
| 650 14 - SUBJECT ADDED ENTRY--TOPICAL TERM | |
| Topical term or geographic name entry element | Радиология |
| 650 14 - SUBJECT ADDED ENTRY--TOPICAL TERM | |
| Topical term or geographic name entry element | Ионизирующая радиация |
| 700 1# - ADDED ENTRY--PERSONAL NAME | |
| Personal name | Кронкайт, Е.П. |
| Relator term | ред. |
| Relationship | edt |
| 700 1# - ADDED ENTRY--PERSONAL NAME | |
| Personal name | Андреева, М.П. |
| Relator term | пер. |
| Relationship | trl |
| 942 ## - ADDED ENTRY ELEMENTS (KOHA) | |
| Source of classification or shelving scheme | Universal Decimal Classification |
| Koha item type | Գրքեր / Books |
| Withdrawn status | Lost status | Source of classification or shelving scheme | Damaged status | Not for loan | Collection | Home library | Current library | Date acquired | Total checkouts | Full call number | Barcode | Date last seen | Price effective from | Koha item type | Public note |
|---|---|---|---|---|---|---|---|---|---|---|---|---|---|---|---|
| Universal Decimal Classification | General | Fundamental Scientific Library | Fundamental Scientific Library | 11/02/2020 | РII/32980 | FL0617854 | 11/02/2020 | 11/02/2020 | Գրքեր / Books | 30 Days Loan |
ՀՀ Գիտությունների ազգային ակադեմիայի հիմնարար գիտական գրադարան = Fundamental Scientific Library of NAS RA
All site content, except where otherwise noted, is licensed under a